| 000 | 00663nam a2200229 i 4500 | ||
|---|---|---|---|
| 001 | 37177 | ||
| 003 | ES-MaACL | ||
| 005 | 20251130063152.0 | ||
| 007 | t| | ||
| 008 | 030220s1981 sp ||||1| spa d | ||
| 100 | 1 |
_aBunge, Mario, _d1919- _9165711 |
|
| 245 | 1 | 0 |
_aMaterialismo y ciencia / _cMario Bunge. |
| 250 | _a[1ª ed.]. | ||
| 260 |
_aBarcelona, etc. : _bAriel, _c[1981] |
||
| 300 |
_a235 p. ; _c18 cm. |
||
| 490 | 1 |
_aAriel quincenal ; _v164 |
|
| 504 | _aBibliografía: p. 227-231. | ||
| 650 | 0 | 7 |
_aMaterialismo _2embne _914847 |
| 830 | 0 |
_aAriel quincenal ; _v164 _9180806 |
|
| 852 |
_aES-MaACL _jL-2384 _bR.102635 |
||
| 999 |
_c37177 _d37177 |
||